| 000 | 004580000a22001810004500 | ||
|---|---|---|---|
| 003 | MACL | ||
| 005 | 20151229151337.0 | ||
| 008 | 151229b xxu||||| |||| 00| 0 eng d | ||
| 040 |
_aMACL _cMACL |
||
| 041 | _aEnglish | ||
| 082 | _a294.5/BAH | ||
| 100 |
_aBahadur, S.P. _924031 |
||
| 245 |
_aComplete works of Gosvami Tulsidas _bDohavali |
||
| 260 |
_bPrachya Prakashan _c1978 |
||
| 350 | _a20.00 | ||
| 650 |
_aReligion _924032 |
||
| 942 |
_cBK _k294.5/BAH _2ddc |
||
| 999 |
_c37483 _d37483 |
||